000 00550nam a22001932 4500
001 0000001008
005 20151217155807.0
008 070223s xx 000 0 eng d
040 _aKABU
_cKABU
050 0 _aDT434
_b.M6J49
100 1 _aJewell, John H. A.
_@0000149493
245 1 0 _aMombasa :
_bthe friendly town /
_cJohn H. A. Jewell.
260 _aNairobi :
_bEAPH,
_c1976.
300 _axvi, 60 p.
651 0 _aMombasa
_xHistory.
_@0000149494
908 _a070223
950 _@1
999 _c12483
_d12483